Amores perros

DRAMA. La trama se desarrolla en Ciudad de México, en donde a partir de un fatal accidente automovilístico tres vidas chocan entre sí y nos revelan lo perro de la existencia humana.

Guardado en:
Autor Principal: González Iñárritu, Alejandro.
Autor Corporativo: Altavista Films.
Otros Autores: Arriaga, Guillermo; Guión., Prieto, Rodrigo; Fotografía., Santaolalla, Gustavo; Música., Echevarría, Emilio; Reparto., García Bernal, Gael; Reparto., Toledo, Goya; Reparto., Guerrero, Álvaro ; Reparto.
Formato: Deslizar
Idioma:Undetermined
Publicado: México, 2000.
Materias:
Etiquetas: Agregar Etiqueta
Sin Etiquetas, Sea el primero en etiquetar este registro!
LEADER 01210ngm a22003015a 4500
001 CEM.cems020007
008 230424s2000####mx#---############vlund#d
005 20230424192502.0
245 1 0 |a Amores perros  |h [videograbación] /  |c Alejandro González Iñárritu. 
260 |a México,  |c 2000. 
300 |a 154'. 
520 |a DRAMA. La trama se desarrolla en Ciudad de México, en donde a partir de un fatal accidente automovilístico tres vidas chocan entre sí y nos revelan lo perro de la existencia humana. 
538 |a Soporte: DVD -- Formato: DVD -- Peso: 4.26 gb -- Resolución:720 x 480 -- 29.97fps – NTSC 
590 |a Identificación anterior: 7 
100 1 |a González Iñárritu, Alejandro. 
700 1 |a Arriaga, Guillermo; Guión. 
700 1 |a Prieto, Rodrigo; Fotografía. 
700 1 |a Santaolalla, Gustavo; Música. 
700 1 |a Echevarría, Emilio; Reparto. 
700 1 |a García Bernal, Gael; Reparto. 
700 1 |a Toledo, Goya; Reparto. 
700 1 |a Guerrero, Álvaro ; Reparto. 
710 2 |a Altavista Films. 
653 |a LARGOMETRAJE 
653 |a FICCIÓN 
653 |a SUSPENSO 
653 |a DRAMA 
859 |a CEMS  |b BIB. CEMS - Depto. Recursos Didacticos  |h 778.5  |k DRD  |p 2965.23  |t Ej.1